[Event "World Chess Olympiad 2018"]
[Site "Batumi"]
[Date "2018.10.01"]
[Round "7"]
[Board "3"]
[WhiteFideId "813613"]
[White "Brunello Sabino"]
[BlackFideId "12300870"]
[Black "Jaiswal Rupesh"]
[Result "1-0"]
[LiveChessVersion "1.4.8"]
[BlackElo "2165"]
[WhiteElo "2552"]

1. d4 {[%clk 1:30:58]} Nf6 {[%clk 1:30:41]} 2. c4 {[%clk 1:31:19]} g6
{[%clk 1:31:04]} 3. Nc3 {[%clk 1:31:39]} d5 {[%clk 1:31:18]} 4. Nf3
{[%clk 1:30:22]} Bg7 {[%clk 1:31:27]} 5. Qb3 {[%clk 1:30:33]} c6 {[%clk 1:28:49]}
6. Bf4 {[%clk 1:30:08]} O-O {[%clk 1:28:50]} 7. e3 {[%clk 1:28:37]} a6
{[%clk 1:27:15]} 8. cxd5 {[%clk 1:04:57]} Nxd5 {[%clk 1:25:12]} 9. Bxb8
{[%clk 1:04:43]} Rxb8 {[%clk 1:24:44]} 10. Bxa6 {[%clk 1:04:56]} Bg4
{[%clk 1:11:55]} 11. Be2 {[%clk 1:04:34]} Nxc3 {[%clk 1:12:16]} 12. bxc3
{[%clk 1:04:28]} e5 {[%clk 1:12:07]} 13. dxe5 {[%clk 0:45:37]} Bxf3
{[%clk 1:11:51]} 14. Bxf3 {[%clk 0:45:34]} Bxe5 {[%clk 1:11:59]} 15. O-O
{[%clk 0:45:55]} Qa5 {[%clk 1:11:12]} 16. Rac1 {[%clk 0:44:06]} Rfd8
{[%clk 1:10:27]} 17. c4 {[%clk 0:42:09]} Rd2 {[%clk 1:08:55]} 18. Rc2
{[%clk 0:42:13]} Rxc2 {[%clk 1:08:01]} 19. Qxc2 {[%clk 0:42:42]} Ra8
{[%clk 1:08:03]} 20. Qe4 {[%clk 0:38:02]} Qc7 {[%clk 1:02:32]} 21. h4
{[%clk 0:31:59]} Rxa2 {[%clk 0:57:25]} 22. h5 {[%clk 0:32:05]} Ra8
{[%clk 0:56:56]} 23. g3 {[%clk 0:21:22]} Bg7 {[%clk 0:52:56]} 24. Kg2
{[%clk 0:18:42]} Qe5 {[%clk 0:46:44]} 25. Qd3 {[%clk 0:18:13]} Bf8
{[%clk 0:44:51]} 26. Rb1 {[%clk 0:13:03]} Qc7 {[%clk 0:42:51]} 27. Qd4
{[%clk 0:11:30]} Rd8 {[%clk 0:38:31]} 28. Rxb7 {[%clk 0:06:11]} Rxd4
{[%clk 0:38:55]} 29. Rxc7 {[%clk 0:06:29]} Rxc4 {[%clk 0:39:21]} 30. Rc8
{[%clk 0:02:16]} h6 {[%clk 0:39:14]} 31. Rc7 {[%clk 0:01:51]} g5 {[%clk 0:35:22]}
32. Be2 {[%clk 0:00:52]} Rc5 {[%clk 0:33:48]} 33. g4 {[%clk 0:00:38]} Bd6
{[%clk 0:31:33]} 34. Rd7 {[%clk 0:00:39]} Be5 {[%clk 0:31:15]} 35. Kf3
{[%clk 0:01:08]} Kf8 {[%clk 0:31:00]} 36. Ra7 {[%clk 0:01:07]} Bf6
{[%clk 0:30:31]} 37. Bd1 {[%clk 0:00:33]} Be7 {[%clk 0:29:42]} 38. Ke4
{[%clk 0:00:32]} Rc4+ {[%clk 0:28:20]} 39. Kf3 {[%clk 0:00:57]} Rc3
{[%clk 0:28:08]} 40. Rb7 {[%clk 0:30:37]} c5 {[%clk 0:57:13]} 41. Rc7
{[%clk 0:28:10]} Rd3 {[%clk 0:55:17]} 42. Be2 {[%clk 0:21:51]} Rd2
{[%clk 0:54:47]} 43. Bc4 {[%clk 0:21:40]} Rd6 {[%clk 0:51:35]} 44. Ke4
{[%clk 0:20:50]} Rd2 {[%clk 0:50:58]} 45. f3 {[%clk 0:19:45]} Rf2
{[%clk 0:48:37]} 46. Bd5 {[%clk 0:19:34]} Rd2 {[%clk 0:48:24]} 47. Ra7
{[%clk 0:18:12]} Re2 {[%clk 0:46:35]} 48. Kd3 {[%clk 0:15:31]} Rf2
{[%clk 0:46:15]} 49. Kc4 {[%clk 0:14:21]} Rb2 {[%clk 0:43:16]} 50. Rc7
{[%clk 0:14:16]} Rb4+ {[%clk 0:42:37]} 51. Kd3 {[%clk 0:14:37]} Ra4
{[%clk 0:41:48]} 52. Bb3 {[%clk 0:14:30]} Ra1 {[%clk 0:30:02]} 53. Bc4
{[%clk 0:13:02]} Rd1+ {[%clk 0:29:05]} 54. Ke4 {[%clk 0:13:20]} Re1
{[%clk 0:29:06]} 55. Ra7 {[%clk 0:11:32]} Rc1 {[%clk 0:29:03]} 56. Bd5
{[%clk 0:06:17]} Re1 {[%clk 0:29:07]} 57. Rc7 {[%clk 0:06:35]} Rf1
{[%clk 0:26:03]} 58. Ra7 {[%clk 0:05:13]} Re1 {[%clk 0:26:17]} 59. Rb7
{[%clk 0:05:14]} Re2 {[%clk 0:25:11]} 60. Bc4 {[%clk 0:05:09]} Re1
{[%clk 0:24:25]} 61. Kd3 {[%clk 0:04:27]} Rg1 {[%clk 0:23:46]} 62. Rc7
{[%clk 0:04:24]} Rf1 {[%clk 0:23:31]} 63. Ke2 {[%clk 0:04:15]} Rc1
{[%clk 0:23:31]} 64. Bd5 {[%clk 0:04:35]} Rc2+ {[%clk 0:23:24]} 65. Kd3
{[%clk 0:04:25]} Rf2 {[%clk 0:23:38]} 66. Ra7 {[%clk 0:04:28]} Rf1
{[%clk 0:23:32]} 67. Kc4 {[%clk 0:04:38]} Rc1+ {[%clk 0:23:25]} 68. Kd3
{[%clk 0:04:15]} Rf1 {[%clk 0:23:26]} 69. Ke2 {[%clk 0:03:59]} Rg1
{[%clk 0:23:50]} 70. Rc7 {[%clk 0:03:47]} Rg2+ {[%clk 0:23:49]} 71. Kd3
{[%clk 0:04:03]} Rf2 {[%clk 0:23:50]} 72. Rd7 {[%clk 0:04:23]} Ke8
{[%clk 0:23:37]} 73. Rb7 {[%clk 0:03:29]} Kf8 {[%clk 0:24:02]} 74. Kc3
{[%clk 0:03:07]} Bf6+ {[%clk 0:23:47]} 75. Kc4 {[%clk 0:03:26]} Be7
{[%clk 0:24:04]} 76. Ra7 {[%clk 0:03:19]} Rc2+ {[%clk 0:24:24]} 77. Kd3
{[%clk 0:03:35]} Rf2 {[%clk 0:24:39]} 78. Rb7 {[%clk 0:03:31]} Rf1
{[%clk 0:24:46]} 79. Ke2 {[%clk 0:03:54]} Rg1 {[%clk 0:21:18]} 80. e4
{[%clk 0:05:32]} Rg2+ {[%clk 0:19:15]} 81. Ke3 {[%clk 0:05:10]} Rg1
{[%clk 0:18:57]} 82. Ra7 {[%clk 0:04:12]} Rb1 {[%clk 0:14:11]} 83. Kd3
{[%clk 0:04:13]} Rb4 {[%clk 0:12:16]} 84. Bc4 {[%clk 0:03:06]} Rb1
{[%clk 0:12:11]} 85. Kc2 {[%clk 0:02:58]} Rb4 {[%clk 0:10:50]} 86. Kd3
{[%clk 0:02:05]} Rb1 {[%clk 0:11:07]} 87. e5 {[%clk 0:01:07]} Re1
{[%clk 0:08:01]} 88. Ra6 {[%clk 0:01:36]} Kg7 {[%clk 0:06:12]} 89. e6
{[%clk 0:02:05]} fxe6 {[%clk 0:06:30]} 90. Kd2 {[%clk 0:02:28]} Rb1
{[%clk 0:04:39]} 91. Rxe6 {[%clk 0:02:44]} Bf6 {[%clk 0:04:27]} 92. Rc6
{[%clk 0:01:44]} Rb7 {[%clk 0:03:52]} 93. Rxc5 {[%clk 0:01:40]} Re7
{[%clk 0:03:44]} 94. Rc6 {[%clk 0:01:25]} Rd7+ {[%clk 0:03:51]} 95. Ke2
{[%clk 0:01:31]} Re7+ {[%clk 0:03:24]} 96. Kd3 {[%clk 0:01:53]} Re5
{[%clk 0:03:06]} 97. Rc8 {[%clk 0:01:46]} Re7 {[%clk 0:03:09]} 98. Rg8+
{[%clk 0:01:45]} Kh7 {[%clk 0:03:30]} 99. Rg6 {[%clk 0:02:11]} Bg7
{[%clk 0:03:20]} 100. Bd5 {[%clk 0:01:46]} Kh8 {[%clk 0:02:56]} 101. Ra6
{[%clk 0:01:59]} Re8 {[%clk 0:02:30]} 102. Bf7 {[%clk 0:01:40]} Rc8
{[%clk 0:01:31]} 103. Ke4 {[%clk 0:01:57]} Rf8 {[%clk 0:01:42]} 104. Ra7
{[%clk 0:01:49]} Rb8 {[%clk 0:01:49]} 105. Rc7 {[%clk 0:01:16]} Bf8
{[%clk 0:01:03]} 106. Rd7 {[%clk 0:01:05]} Bg7 {[%clk 0:00:46]} 107. Kf5
{[%clk 0:01:24]} Bf8 {[%clk 0:00:51]} 108. Be6 {[%clk 0:01:23]} Re8
{[%clk 0:00:38]} 109. Kf6 {[%clk 0:01:14]} Bb4 {[%clk 0:00:36]} 110. Bd5
{[%clk 0:00:54]} Rb8 {[%clk 0:00:55]} 111. Kf7 {[%clk 0:00:35]} Bc3
{[%clk 0:00:50]} 112. Rc7 {[%clk 0:00:44]} Ba5 {[%clk 0:00:50]} 113. Re7
{[%clk 0:00:40]} Bb4 {[%clk 0:01:02]} 114. Rc7 {[%clk 0:00:55]} Ba5
{[%clk 0:01:21]} 115. Ra7 {[%clk 0:01:22]} Bc3 {[%clk 0:01:19]} 116. Ra6
{[%clk 0:01:22]} Bg7 {[%clk 0:01:33]} 117. Kg6 {[%clk 0:01:40]} Rf8
{[%clk 0:01:18]} 118. Bf7 {[%clk 0:02:06]} Rb8 {[%clk 0:01:35]} 119. Re6
{[%clk 0:02:11]} Rd8 {[%clk 0:01:29]} 120. Be8 {[%clk 0:02:24]} Kg8
{[%clk 0:01:27]} 121. Bf7+ {[%clk 0:02:15]} Kh8 {[%clk 0:01:43]} 122. Rb6
{[%clk 0:02:08]} Bf8 {[%clk 0:02:01]} 123. Rb7 {[%clk 0:01:16]} Rd6+
{[%clk 0:01:16]} 124. Kf5 {[%clk 0:01:31]} Rd3 {[%clk 0:01:11]} 125. Be6
{[%clk 0:01:37]} Rd6 {[%clk 0:00:46]} 126. Kf6 {[%clk 0:01:47]} Rc6
{[%clk 0:00:40]} 127. Rb8 {[%clk 0:02:01]} Kh7 {[%clk 0:00:33]} 128. Rxf8
{[%clk 0:02:14]} 1-0

[Event "World Chess Olympiad 2018"]
[Site "Batumi"]
[Date "2018.10.01"]
[Round "7"]
[Board "4"]
[WhiteFideId "12300403"]
[White "Rajbhandari Rijendra"]
[BlackFideId "818860"]
[Black "Valsecchi Alessio"]
[Result "1/2-1/2"]
[LiveChessVersion "1.4.8"]
[BlackElo "2500"]
[WhiteElo "1937"]

1. d4 {[%clk 1:30:11]} Nf6 {[%clk 1:30:42]} 2. c4 {[%clk 1:30:24]} e6
{[%clk 1:31:05]} 3. g3 {[%clk 1:30:02]} c5 {[%clk 1:31:26]} 4. d5
{[%clk 1:29:39]} exd5 {[%clk 1:31:27]} 5. cxd5 {[%clk 1:30:03]} d6
{[%clk 1:31:37]} 6. Nc3 {[%clk 1:29:58]} g6 {[%clk 1:31:58]} 7. Bg2
{[%clk 1:30:05]} Bg7 {[%clk 1:32:21]} 8. Nf3 {[%clk 1:30:05]} O-O
{[%clk 1:32:43]} 9. O-O {[%clk 1:30:08]} a6 {[%clk 1:33:06]} 10. a4
{[%clk 1:30:16]} Re8 {[%clk 1:33:26]} 11. Nd2 {[%clk 1:29:29]} Nbd7
{[%clk 1:33:27]} 12. h3 {[%clk 1:24:01]} Rb8 {[%clk 1:33:45]} 13. Nc4
{[%clk 1:23:15]} Ne5 {[%clk 1:33:50]} 14. Na3 {[%clk 1:22:24]} Nh5
{[%clk 1:34:05]} 15. e4 {[%clk 1:18:55]} Bd7 {[%clk 1:30:32]} 16. a5
{[%clk 1:11:36]} Qxa5 {[%clk 1:30:40]} 17. g4 {[%clk 1:10:44]} Nf6
{[%clk 1:31:03]} 18. g5 {[%clk 1:09:59]} Nh5 {[%clk 1:29:42]} 19. f4
{[%clk 0:54:24]} b5 {[%clk 1:16:38]} 20. Nc2 {[%clk 0:49:59]} Qb6
{[%clk 1:16:14]} 21. fxe5 {[%clk 0:50:22]} Bxe5 {[%clk 1:16:18]} 22. Ne2
{[%clk 0:49:26]} b4 {[%clk 1:14:51]} 23. Rf2 {[%clk 0:41:09]} Bb5
{[%clk 1:09:00]} 24. Bf3 {[%clk 0:37:11]} Ng3 {[%clk 1:06:24]} 25. Nxg3
{[%clk 0:36:48]} Bxg3 {[%clk 1:06:45]} 26. Rg2 {[%clk 0:36:40]} Be5
{[%clk 1:06:51]} 27. Kh1 {[%clk 0:36:28]} Bd7 {[%clk 0:50:28]} 28. Bg4
{[%clk 0:36:06]} Bxg4 {[%clk 0:49:39]} 29. Qxg4 {[%clk 0:36:22]} Qb5
{[%clk 0:44:07]} 30. Qe2 {[%clk 0:29:44]} Qd7 {[%clk 0:31:36]} 31. Qf3
{[%clk 0:28:31]} Rf8 {[%clk 0:27:34]} 32. Ne3 {[%clk 0:25:37]} f6
{[%clk 0:26:08]} 33. Qg4 {[%clk 0:21:17]} Qb5 {[%clk 0:22:49]} 34. Qe2
{[%clk 0:19:47]} fxg5 {[%clk 0:21:52]} 35. Nc4 {[%clk 0:17:17]} Bf4
{[%clk 0:21:29]} 36. b3 {[%clk 0:16:25]} Qd7 {[%clk 0:20:49]} 37. Qg4
{[%clk 0:16:18]} Qe7 {[%clk 0:20:52]} 38. Re2 {[%clk 0:11:55]} Rbe8
{[%clk 0:20:26]} 39. Bxf4 {[%clk 0:06:21]} Rxf4 {[%clk 0:18:14]} 40. Qe6+
{[%clk 0:31:11]} Qxe6 {[%clk 0:46:46]} 41. dxe6 {[%clk 0:31:35]} Rxe6
{[%clk 0:45:37]} 42. Rxa6 {[%clk 0:31:33]} Rfxe4 {[%clk 0:39:50]} 43. Rxe4
{[%clk 0:31:35]} Rxe4 {[%clk 0:40:17]} 44. Rxd6 {[%clk 0:31:54]} g4
{[%clk 0:39:52]} 45. hxg4 {[%clk 0:28:38]} Rxg4 {[%clk 0:38:10]} 46. Kh2
{[%clk 0:28:21]} Rg5 {[%clk 0:33:01]} 47. Rd7 {[%clk 0:28:24]} h5
{[%clk 0:32:09]} 48. Rc7 {[%clk 0:27:57]} Rd5 {[%clk 0:30:14]} 49. Na5
{[%clk 0:25:57]} g5 {[%clk 0:26:12]} 50. Nb7 {[%clk 0:25:50]} Rd2+
{[%clk 0:25:58]} 51. Kg1 {[%clk 0:26:08]} Rd3 {[%clk 0:25:37]} 52. Rxc5
{[%clk 0:26:13]} Rxb3 {[%clk 0:25:48]} 53. Rxg5+ {[%clk 0:26:39]} Kf7
{[%clk 0:26:03]} 54. Rxh5 {[%clk 0:26:52]} Rb2 {[%clk 0:26:20]} 55. Rb5
{[%clk 0:26:57]} Ke7 {[%clk 0:25:17]} 56. Nc5 {[%clk 0:26:48]} Kd6
{[%clk 0:24:54]} 57. Nd3 {[%clk 0:27:00]} Rb1+ {[%clk 0:24:32]} 58. Kg2
{[%clk 0:27:23]} Kc6 {[%clk 0:24:41]} 59. Rxb4 {[%clk 0:27:36]} Kd5 1/2-1/2

[Event "World Chess Olympiad 2018"]
[Site "Batumi"]
[Date "2018.10.01"]
[Round "7"]
[Board "1"]
[WhiteFideId "922412"]
[White "Djukic Nikola"]
[BlackFideId "8700281"]
[Black "Kayonde Andrew"]
[Result "1/2-1/2"]
[LiveChessVersion "1.4.8"]
[BlackElo "2393"]
[WhiteElo "2567"]

1. e4 {[%clk 1:30:56]} c6 {[%clk 1:30:29]} 2. d4 {[%clk 1:31:18]} d5
{[%clk 1:30:47]} 3. Nd2 {[%clk 1:31:40]} dxe4 {[%clk 1:30:14]} 4. Nxe4
{[%clk 1:32:04]} Nd7 {[%clk 1:30:25]} 5. Nf3 {[%clk 1:32:27]} Ngf6
{[%clk 1:30:47]} 6. Nxf6+ {[%clk 1:32:46]} Nxf6 {[%clk 1:31:10]} 7. c3
{[%clk 1:33:11]} Bg4 {[%clk 1:30:49]} 8. h3 {[%clk 1:33:33]} Bxf3
{[%clk 1:30:03]} 9. Qxf3 {[%clk 1:33:57]} Qd5 {[%clk 1:30:00]} 10. Be2
{[%clk 1:34:20]} e6 {[%clk 1:30:13]} 11. O-O {[%clk 1:34:20]} Bd6
{[%clk 1:30:33]} 12. Qd3 {[%clk 1:30:55]} Bc7 {[%clk 1:29:01]} 13. Bf3
{[%clk 1:25:10]} Qd7 {[%clk 1:28:19]} 14. Rd1 {[%clk 1:19:24]} h6
{[%clk 1:23:50]} 15. c4 {[%clk 1:07:40]} O-O {[%clk 1:23:27]} 16. Be3
{[%clk 1:06:10]} Rad8 {[%clk 1:22:49]} 17. Qa3 {[%clk 0:55:47]} Qd6
{[%clk 1:19:49]} 18. Qxd6 {[%clk 0:40:56]} Bxd6 {[%clk 1:20:01]} 19. Rab1
{[%clk 0:35:35]} Rd7 {[%clk 1:11:02]} 20. b4 {[%clk 0:31:20]} Rc8
{[%clk 1:04:41]} 21. b5 {[%clk 0:18:04]} Bf8 {[%clk 0:55:42]} 22. bxc6
{[%clk 0:17:25]} bxc6 {[%clk 0:56:04]} 23. Kf1 {[%clk 0:14:47]} c5
{[%clk 0:55:34]} 24. dxc5 {[%clk 0:12:44]} Bxc5 {[%clk 0:54:50]} 25. Bxc5
{[%clk 0:09:47]} Rxc5 {[%clk 0:55:12]} 26. Rb8+ {[%clk 0:10:08]} Kh7
{[%clk 0:55:32]} 27. Be4+ {[%clk 0:10:04]} g6 {[%clk 0:55:26]} 28. Rxd7
{[%clk 0:10:21]} Nxd7 {[%clk 0:55:50]} 29. Rb7 {[%clk 0:10:47]} Ne5
{[%clk 0:55:29]} 30. Rxa7 {[%clk 0:02:43]} Rxc4 {[%clk 0:54:05]} 31. f3
{[%clk 0:03:08]} Kg8 {[%clk 0:49:27]} 32. Ke2 {[%clk 0:03:31]} f5
{[%clk 0:49:29]} 33. Bd3 {[%clk 0:02:21]} Rc3 {[%clk 0:45:19]} 34. Bb5
{[%clk 0:02:45]} Rc2+ {[%clk 0:45:23]} 35. Ke3 {[%clk 0:01:53]} Rxg2
{[%clk 0:44:46]} 36. Kf4 {[%clk 0:02:15]} Nf7 {[%clk 0:44:53]} 37. Bc4
{[%clk 0:02:39]} g5+ {[%clk 0:44:53]} 38. Ke3 {[%clk 0:02:55]} f4+
{[%clk 0:45:20]} 39. Kd4 {[%clk 0:02:48]} Rd2+ {[%clk 0:44:48]} 40. Kc5
{[%clk 0:31:59]} Nd8 {[%clk 1:14:45]} 41. Ra3 {[%clk 0:21:17]} Nb7+
{[%clk 1:06:29]} 42. Kb6 {[%clk 0:19:46]} Nd6 {[%clk 1:06:29]} 43. Bxe6+
{[%clk 0:19:46]} Kg7 {[%clk 1:06:53]} 44. Rc3 {[%clk 0:17:26]} Kf6
{[%clk 1:05:52]} 45. Bb3 {[%clk 0:17:15]} h5 {[%clk 1:05:17]} 46. a4
{[%clk 0:15:25]} g4 {[%clk 1:05:33]} 47. fxg4 {[%clk 0:15:13]} hxg4
{[%clk 1:04:50]} 48. hxg4 {[%clk 0:15:37]} Ne4 {[%clk 1:04:56]} 49. Rc2
{[%clk 0:15:06]} f3 {[%clk 1:03:39]} 50. Rxd2 {[%clk 0:13:48]} Nxd2
{[%clk 1:04:03]} 51. Bd1 {[%clk 0:13:35]} f2 {[%clk 1:04:01]} 52. Be2
{[%clk 0:13:57]} Nb3 {[%clk 1:04:23]} 53. a5 {[%clk 0:07:30]} Nxa5
{[%clk 1:04:39]} 54. Kxa5 {[%clk 0:07:55]} Kg5 {[%clk 1:05:05]} 55. Kb4
{[%clk 0:08:20]} Kf4 {[%clk 1:05:29]} 56. Kc3 {[%clk 0:08:40]} f1=Q
{[%clk 1:05:52]} 57. Bxf1 {[%clk 0:09:06]} Kxg4 1/2-1/2

[Event "World Chess Olympiad 2018"]
[Site "Batumi"]
[Date "2018.10.01"]
[Round "7"]
[Board "2"]
[WhiteFideId "8700680"]
[White "Munenga Douglas D"]
[BlackFideId "900885"]
[Black "Blagojevic Dragisa"]
[Result "0-1"]
[LiveChessVersion "1.4.8"]
[BlackElo "2476"]
[WhiteElo "2273"]

1. e4 {[%clk 1:30:15]} e5 {[%clk 1:30:52]} 2. Nf3 {[%clk 1:29:51]} Nc6
{[%clk 1:31:16]} 3. Bb5 {[%clk 1:29:40]} a6 {[%clk 1:31:38]} 4. Ba4
{[%clk 1:29:52]} Nf6 {[%clk 1:32:01]} 5. O-O {[%clk 1:30:15]} Be7
{[%clk 1:32:06]} 6. Re1 {[%clk 1:30:16]} d6 {[%clk 1:32:24]} 7. c3
{[%clk 1:30:31]} Bg4 {[%clk 1:32:35]} 8. d3 {[%clk 1:30:53]} O-O {[%clk 1:30:55]}
9. Nbd2 {[%clk 1:30:50]} Nd7 {[%clk 1:30:53]} 10. h3 {[%clk 1:30:48]} Bh5
{[%clk 1:31:13]} 11. Nf1 {[%clk 1:27:35]} Nc5 {[%clk 1:31:00]} 12. Bc2
{[%clk 1:27:35]} d5 13. Qe2 d4 {[%clk 1:29:54]} 14. g4 {[%clk 1:17:44]} Bg6
{[%clk 1:30:02]} 15. Ng3 {[%clk 1:18:08]} Qd7 {[%clk 1:20:33]} 16. Bd2
{[%clk 1:12:51]} Rfd8 {[%clk 1:15:52]} 17. c4 {[%clk 1:01:33]} b5
{[%clk 1:03:20]} 18. b4 {[%clk 0:47:02]} Ne6 {[%clk 1:01:13]} 19. c5
{[%clk 0:42:36]} f6 {[%clk 1:01:22]} 20. Nf5 {[%clk 0:40:02]} Bf7
{[%clk 1:00:55]} 21. Bb3 {[%clk 0:39:36]} a5 {[%clk 0:57:32]} 22. Bd5
{[%clk 0:27:20]} Nxb4 {[%clk 0:54:25]} 23. Bxa8 {[%clk 0:25:48]} Rxa8
{[%clk 0:54:29]} 24. Bxb4 {[%clk 0:25:58]} axb4 {[%clk 0:54:50]} 25. c6
{[%clk 0:25:54]} Qe8 {[%clk 0:54:46]} 26. Nxe7+ {[%clk 0:25:09]} Qxe7
{[%clk 0:55:10]} 27. Nh4 {[%clk 0:23:49]} Nf4 {[%clk 0:53:05]} 28. Qf3
{[%clk 0:12:47]} Ra3 {[%clk 0:52:06]} 29. Red1 {[%clk 0:13:06]} Bc4
{[%clk 0:50:16]} 30. Nf5 {[%clk 0:05:16]} Qd8 {[%clk 0:48:02]} 31. Qxf4
{[%clk 0:05:23]} exf4 {[%clk 0:48:09]} 32. dxc4 {[%clk 0:05:51]} d3
{[%clk 0:46:47]} 33. cxb5 {[%clk 0:05:14]} g6 {[%clk 0:46:16]} 34. b6
{[%clk 0:02:26]} cxb6 {[%clk 0:44:29]} 0-1

[Event "World Chess Olympiad 2018"]
[Site "Batumi"]
[Date "2018.10.01"]
[Round "7"]
[Board "3"]
[WhiteFideId "944335"]
[White "Draskovic Luka"]
[BlackFideId "8700389"]
[Black "Simutowe Musatwe"]
[Result "1-0"]
[LiveChessVersion "1.4.8"]
[BlackElo "2208"]
[WhiteElo "2449"]

1. c4 {[%clk 1:30:55]} c6 {[%clk 1:30:26]} 2. e4 {[%clk 1:28:49]} d5
{[%clk 1:30:49]} 3. cxd5 {[%clk 1:28:57]} cxd5 {[%clk 1:31:13]} 4. exd5
{[%clk 1:29:22]} Nf6 {[%clk 1:31:30]} 5. Nc3 {[%clk 1:29:47]} Nxd5
{[%clk 1:29:42]} 6. Nf3 {[%clk 1:30:01]} e6 {[%clk 1:25:59]} 7. d4
{[%clk 1:28:27]} Be7 {[%clk 1:25:21]} 8. Bd3 {[%clk 1:23:57]} Nc6
{[%clk 1:24:03]} 9. O-O {[%clk 1:23:34]} O-O {[%clk 1:24:06]} 10. Re1
{[%clk 1:20:20]} Nf6 {[%clk 1:18:50]} 11. Bg5 {[%clk 1:16:28]} b6
{[%clk 1:13:24]} 12. Rc1 {[%clk 1:02:52]} Bb7 {[%clk 1:11:51]} 13. Bb1
{[%clk 1:03:06]} Rc8 {[%clk 1:06:16]} 14. a3 {[%clk 1:02:44]} Re8
{[%clk 1:01:44]} 15. Qd3 {[%clk 0:55:08]} g6 {[%clk 1:01:55]} 16. Ba2
{[%clk 0:51:32]} Nd5 {[%clk 0:46:51]} 17. Bxe7 {[%clk 0:47:54]} Ncxe7
{[%clk 0:41:56]} 18. Ne4 {[%clk 0:38:20]} Rxc1 {[%clk 0:41:09]} 19. Rxc1
{[%clk 0:35:53]} Nf5 {[%clk 0:41:30]} 20. Bxd5 {[%clk 0:24:38]} Bxd5
{[%clk 0:41:25]} 21. h3 {[%clk 0:22:02]} Kg7 {[%clk 0:41:13]} 22. Qe2
{[%clk 0:15:42]} Qb8 {[%clk 0:35:38]} 23. Ned2 {[%clk 0:11:23]} Rc8
{[%clk 0:29:58]} 24. Rc3 {[%clk 0:09:29]} Kg8 {[%clk 0:18:27]} 25. g4
{[%clk 0:05:29]} Nd6 {[%clk 0:16:28]} 26. Ne5 {[%clk 0:05:49]} Qb7
{[%clk 0:16:23]} 27. Qe3 {[%clk 0:02:38]} Nb5 {[%clk 0:11:16]} 28. Rxc8+
{[%clk 0:03:06]} Qxc8 {[%clk 0:11:39]} 29. a4 {[%clk 0:03:05]} Nd6
{[%clk 0:10:24]} 30. Qc3 {[%clk 0:02:02]} Qb7 {[%clk 0:09:27]} 31. g5
{[%clk 0:02:04]} Nf5 {[%clk 0:07:54]} 32. Ng4 {[%clk 0:01:21]} Kg7
{[%clk 0:07:51]} 33. Nf1 {[%clk 0:01:01]} Qb8 {[%clk 0:03:52]} 34. Ne5
{[%clk 0:01:00]} Qd8 {[%clk 0:03:30]} 35. f4 {[%clk 0:00:46]} Bb7
{[%clk 0:03:30]} 36. d5 {[%clk 0:00:57]} Qxd5 {[%clk 0:02:59]} 37. Nxg6+
{[%clk 0:00:32]} Nd4 {[%clk 0:01:53]} 38. Nh4 {[%clk 0:00:41]} Kg8
{[%clk 0:01:09]} 39. Ng3 {[%clk 0:01:10]} Bc6 {[%clk 0:00:39]} 40. Kf2
{[%clk 0:30:34]} Kf8 {[%clk 0:30:35]} 41. a5 {[%clk 0:19:40]} bxa5
{[%clk 0:29:39]} 42. Qa3+ {[%clk 0:12:56]} Ke8 {[%clk 0:29:07]} 43. Nh5
{[%clk 0:12:54]} Qc4 {[%clk 0:26:41]} 44. Nf6+ {[%clk 0:10:03]} Kd8
{[%clk 0:26:59]} 45. Qxa5+ {[%clk 0:09:33]} Kc8 {[%clk 0:26:41]} 46. Qd2
{[%clk 0:09:05]} Kb7 {[%clk 0:24:07]} 47. Ng4 {[%clk 0:08:10]} Nb3
{[%clk 0:22:52]} 48. Qe3 {[%clk 0:07:41]} Nc5 {[%clk 0:22:14]} 49. Ne5
{[%clk 0:06:20]} Qc2+ {[%clk 0:21:38]} 50. Kg3 {[%clk 0:04:22]} Bd5
{[%clk 0:05:03]} 51. Nhf3 {[%clk 0:02:44]} Ne4+ {[%clk 0:04:45]} 52. Kh4
{[%clk 0:03:09]} Qxb2 {[%clk 0:04:56]} 53. Nxf7 {[%clk 0:02:06]} a5
{[%clk 0:05:06]} 54. Nd8+ {[%clk 0:01:52]} Kc8 {[%clk 0:04:12]} 55. Nxe6
{[%clk 0:02:21]} a4 {[%clk 0:04:07]} 56. Nc5 {[%clk 0:02:36]} a3 {[%clk 0:03:22]}
57. Nxe4 {[%clk 0:02:38]} Bxe4 {[%clk 0:03:40]} 58. Qxe4 {[%clk 0:02:15]} a2
{[%clk 0:04:03]} 59. Qa8+ {[%clk 0:02:12]} Kc7 {[%clk 0:04:20]} 60. Qa7+
{[%clk 0:02:41]} Kd6 {[%clk 0:02:08]} 61. Ne5 {[%clk 0:02:12]} a1=Q
{[%clk 0:01:32]} 62. Qd7+ {[%clk 0:02:34]} Kc5 {[%clk 0:01:45]} 63. Nd3+
{[%clk 0:02:27]} Kb6 {[%clk 0:01:53]} 64. Qd6+ {[%clk 0:02:36]} Kb7
{[%clk 0:02:11]} 65. Nxb2 {[%clk 0:02:35]} Qxb2 {[%clk 0:02:39]} 66. Qe7+
{[%clk 0:03:00]} Kc6 {[%clk 0:03:04]} 67. Qf6+ {[%clk 0:02:53]} Kd5 1-0

[Event "World Chess Olympiad 2018"]
[Site "Batumi"]
[Date "2018.10.01"]
[Round "7"]
[Board "4"]
[WhiteFideId "8701709"]
[White "Kaulule Siame Kela"]
[BlackFideId "921815"]
[Black "Kalezic Blazo"]
[Result "0-1"]
[LiveChessVersion "1.4.8"]
[BlackElo "2448"]
[WhiteElo "2160"]

1. d4 {[%clk 1:30:57]} c5 {[%clk 1:30:42]} 2. d5 {[%clk 1:31:13]} e5
{[%clk 1:30:56]} 3. e4 {[%clk 1:30:59]} d6 {[%clk 1:31:17]} 4. Nc3
{[%clk 1:29:18]} Be7 {[%clk 1:31:32]} 5. Bb5+ {[%clk 1:27:37]} Nd7
{[%clk 1:30:35]} 6. a4 {[%clk 1:27:38]} Bg5 {[%clk 1:28:29]} 7. Nf3
{[%clk 1:20:48]} Bxc1 {[%clk 1:28:34]} 8. Qxc1 {[%clk 1:21:01]} Ne7
{[%clk 1:28:07]} 9. Nd2 {[%clk 1:12:03]} O-O {[%clk 1:25:55]} 10. O-O
{[%clk 1:11:43]} a6 {[%clk 1:07:00]} 11. Bd3 {[%clk 1:09:36]} b6 {[%clk 1:04:33]}
12. Nc4 {[%clk 1:08:28]} Qc7 {[%clk 1:04:02]} 13. f4 {[%clk 1:04:26]} exf4
{[%clk 1:00:38]} 14. Qxf4 {[%clk 1:04:38]} Ne5 {[%clk 1:01:00]} 15. Nxe5
{[%clk 1:03:42]} dxe5 {[%clk 1:01:22]} 16. Qg5 {[%clk 1:02:52]} c4
{[%clk 0:56:27]} 17. Be2 {[%clk 0:56:55]} Rb8 {[%clk 0:52:51]} 18. Kh1
{[%clk 0:54:11]} b5 {[%clk 0:50:03]} 19. axb5 {[%clk 0:54:08]} axb5
{[%clk 0:50:24]} 20. Rf6 {[%clk 0:50:18]} Ng6 {[%clk 0:46:09]} 21. Rc6
{[%clk 0:49:43]} Qb7 {[%clk 0:42:27]} 22. Qe3 {[%clk 0:44:51]} Ra8
{[%clk 0:42:13]} 23. Rxa8 {[%clk 0:37:58]} Qxa8 {[%clk 0:41:20]} 24. Qg1
{[%clk 0:28:59]} Qa5 {[%clk 0:29:24]} 25. Rc5 {[%clk 0:27:35]} Bd7
{[%clk 0:26:08]} 26. Bxc4 {[%clk 0:26:42]} Rb8 {[%clk 0:25:10]} 27. Bb3
{[%clk 0:18:41]} Qb6 {[%clk 0:23:55]} 28. Ne2 {[%clk 0:13:42]} h5
{[%clk 0:21:58]} 29. Rc3 {[%clk 0:09:17]} Qf6 {[%clk 0:16:46]} 30. Rf3
{[%clk 0:08:57]} Qd6 {[%clk 0:17:03]} 31. Rf1 {[%clk 0:04:51]} h4
{[%clk 0:15:50]} 32. Qf2 {[%clk 0:04:12]} Rf8 {[%clk 0:16:06]} 33. Qe3
{[%clk 0:02:01]} b4 {[%clk 0:15:45]} 34. Bc4 {[%clk 0:02:14]} Bg4
{[%clk 0:15:07]} 35. Ng1 {[%clk 0:02:10]} Nf4 {[%clk 0:14:49]} 36. h3
{[%clk 0:02:12]} Bh5 {[%clk 0:13:42]} 37. Be2 {[%clk 0:01:51]} Rc8
{[%clk 0:12:46]} 38. Bd3 {[%clk 0:01:17]} Qg6 {[%clk 0:10:56]} 39. Rf2
{[%clk 0:01:32]} Ra8 {[%clk 0:10:06]} 40. Ne2 {[%clk 0:30:34]} Bxe2
{[%clk 0:37:19]} 41. Bxe2 {[%clk 0:30:53]} Ra1+ {[%clk 0:35:34]} 42. Kh2
{[%clk 0:31:08]} Re1 {[%clk 0:35:46]} 43. Bh5 {[%clk 0:17:24]} Rxe3
{[%clk 0:32:29]} 44. Bxg6 {[%clk 0:17:52]} fxg6 {[%clk 0:31:24]} 45. Rd2
{[%clk 0:16:47]} Kf7 {[%clk 0:31:31]} 46. Kg1 {[%clk 0:16:51]} Rxe4
{[%clk 0:31:24]} 47. Kf2 {[%clk 0:16:23]} Rd4 {[%clk 0:31:37]} 48. Rxd4
{[%clk 0:16:24]} exd4 {[%clk 0:32:00]} 49. Kf3 {[%clk 0:16:18]} d3
{[%clk 0:30:06]} 50. cxd3 {[%clk 0:15:15]} Nxd3 {[%clk 0:30:28]} 0-1